[Event "Online Olym Div2 C"]
[Site "Chess.com INT"]
[Date "2020.08.15"]
[Round "6.3"]
[White "Jorge, Rita Maria Osorio"]
[Black "Unuk, Laura"]
[Result "0-1"]
[WhiteElo "1983"]
[BlackElo "2379"]
[PlyCount "116"]
[EventDate "2020.08.14"]
[EventType "team-tourn (rapid)"]
[EventRounds "9"]
[EventCountry "USA"]
[SourceTitle "CBM 198"]
[Source "ChessBase"]
[SourceDate "2020.10.31"]
[SourceVersion "1"]
[SourceVersionDate "2020.10.31"]
[SourceQuality "1"]
[WhiteTeam "Portugal"]
[BlackTeam "Slovenia"]
[WhiteTeamCountry "POR"]
[BlackTeamCountry "SLO"]

1. e4 e6 2. d4 d5 3. Nd2 h6 4. Bd3 c5 5. dxc5 Bxc5 6. Ne2 Nf6 7. 0-0 Nc6 8. c3 0-0 9. h3 e5 10. exd5 Qxd5 11. Bc4 Qd6 12. Qc2 Qe7 13. Ng3 Be6 14. Bd3 Rfd8 15. Nde4 Nxe4 16. Bxe4 Rac8 17. Nf5 Qf6 18. Be3 Bf8 19. Rad1 Nb4 20. Qb1 Nd5 21. Bxd5 Bxd5 22. Ng3 b6 23. Rfe1 Qc6 24. f3 g6 25. Qc1 Kh7 26. Bf2 Bg7 27. Re2 Bxa2 28. Rxd8 Rxd8 29. Qa1 Bc4 30. Re1 a5 31. Qa3 Rd7 32. b3 Bd3 33. c4 f5 34. Qc1 b5 35. cxb5 Qxb5 36. Qa3 Bc2 37. Rc1 Bxb3 38. Rb1 a4 39. Qc5 Qxc5 40. Bxc5 Rd2 41. Nf1 Rc2 42. Ba3 e4 43. fxe4 Bd4+ 44. Kh1 fxe4 45. Ng3 e3 46. Bb4 Bd5 47. Rd1 Bxg2+ 48. Kh2 Bf3+ 49. Rd2 exd2 50. Bxd2 Rxd2+ 51. Ne2 Bxe2 52. h4 a3 53. h5 a2 54. hxg6+ Kxg6 55. Kh1 a1Q+ 56. Kh2 Qg1+ 57. Kh3 Bg4+ 58. Kh4 Bf6# 0-1

[Event "Online Olym Div2 C"]
[Site "Chess.com INT"]
[Date "2020.08.14"]
[Round "1.3"]
[White "Jorge, Rita Maria Osorio"]
[Black "Matnadze, Ana"]
[Result "0-1"]
[WhiteElo "1983"]
[BlackElo "2412"]
[PlyCount "80"]
[EventDate "2020.08.14"]
[EventType "team-tourn (rapid)"]
[EventRounds "9"]
[EventCountry "USA"]
[SourceTitle "CBM 198"]
[Source "ChessBase"]
[SourceDate "2020.10.31"]
[SourceVersion "1"]
[SourceVersionDate "2020.10.31"]
[SourceQuality "1"]
[WhiteTeam "Portugal"]
[BlackTeam "Spain"]
[WhiteTeamCountry "POR"]
[BlackTeamCountry "ESP"]

1. e4 c5 2. Nf3 d6 3. c3 g6 4. d4 cxd4 5. cxd4 Bg7 6. Nc3 Nf6 7. Bc4 0-0 8. 0-0 Nc6 9. Bg5 Nxe4 10. Nxe4 d5 11. Bxd5 Qxd5 12. Nc3 Qd8 13. d5 Ne5 14. Nxe5 Bxe5 15. Re1 f6 16. Bh6 Rf7 17. Qf3 Bf5 18. Rad1 Qb6 19. Rd2 Rd8 20. Be3 Qa6 21. Bd4 Bxd4 22. Rxd4 Qb6 23. Rd2 a6 24. h3 Qb4 25. a3 Qb3 26. Rde2 Re8 27. d6 e5 28. Rd2 Rd8 29. Red1 Kg7 30. Qd5 Be6 31. Qe4 Rfd7 32. Na4 Bf5 33. Qb4 Bc2 34. Rxc2 Qxc2 35. Rd2 Qc1+ 36. Kh2 a5 37. Qxa5 Rxd6 38. Rxd6 Rxd6 39. Nc5 Qf4+ 40. Kg1 Rd1+ 0-1

[Event "Online Olym Div3 B"]
[Site "Chess.com INT"]
[Date "2020.08.08"]
[Round "5.1"]
[White "Jorge, Rita Maria Osorio"]
[Black "Arakhamia Grant, Ketevan"]
[Result "0-1"]
[WhiteElo "1983"]
[BlackElo "2380"]
[PlyCount "118"]
[EventDate "2020.08.07"]
[EventType "team-tourn (rapid)"]
[EventRounds "9"]
[EventCountry "USA"]
[SourceTitle "CBM 198"]
[Source "ChessBase"]
[SourceDate "2020.10.31"]
[SourceVersion "1"]
[SourceVersionDate "2020.10.31"]
[SourceQuality "1"]
[WhiteTeam "Portugal"]
[BlackTeam "Scotland"]
[WhiteTeamCountry "POR"]
[BlackTeamCountry "SCO"]

1. e4 c5 2. Nf3 Nc6 3. Bb5 g6 4. 0-0 Bg7 5. c3 Nf6 6. Re1 0-0 7. Bxc6 dxc6 8. d3 Qc7 9. Be3 b6 10. h3 Ba6 11. Qc2 Rad8 12. d4 cxd4 13. cxd4 c5 14. Nbd2 Nd7 15. Rac1 Qb8 16. b3 cxd4 17. Bxd4 Bxd4 18. Nxd4 Ne5 19. N2f3 Nd3 20. Nc6 Nxe1 21. Nxe1 Qf4 22. Nxd8 Rxd8 23. Nf3 Rc8 24. Qxc8+ Bxc8 25. Rxc8+ Kg7 26. e5 e6 27. Rc7 a5 28. Rb7 Qc1+ 29. Kh2 Qc6 30. Ra7 h6 31. Nd4 Qd5 32. Nf3 g5 33. Rc7 b5 34. Ra7 b4 35. Ra6 Qc5 36. Rd6 Qxf2 37. Rd7 Qxa2 38. Nd4 Kg6 39. Ra7 Qf2 40. Nb5 Qf4+ 41. Kg1 Qxe5 42. Rxa5 h5 43. Kf2 h4 44. Kg1 Qe3+ 45. Kh1 Qb6 46. Ra8 Qxb5 47. Rg8+ Kh7 48. Rf8 Kg7 49. Rd8 Qf1+ 50. Kh2 Qf4+ 51. Kh1 Qe3 52. Rb8 Qe1+ 53. Kh2 Qg3+ 54. Kh1 Qxb8 55. g3 hxg3 56. h4 Qb7+ 57. Kg1 Qf3 58. h5 Qf2+ 59. Kh1 Qh2# 0-1

[Event "Lisbon Portugal op"]
[Site "Lisbon"]
[Date "2020.01.26"]
[Round "2"]
[White "Jorge, Rita Maria Osorio"]
[Black "Veiga, Jose Francisco RP"]
[Result "0-1"]
[WhiteElo "1932"]
[BlackElo "2312"]
[PlyCount "70"]
[EventDate "2020.01.25"]
[EventType "swiss"]
[EventRounds "9"]
[EventCountry "POR"]
[SourceTitle "CBM 194"]
[Source "ChessBase"]
[SourceDate "2020.01.27"]
[SourceVersion "1"]
[SourceVersionDate "2020.01.27"]
[SourceQuality "1"]

1. e4 e5 2. Nf3 Nc6 3. Bc4 Bc5 4. c3 Nf6 5. d3 0-0 6. Bg5 h6 7. Bh4 Be7 8. Nbd2 d6 9. a4 Nh5 10. g3 Nf6 11. Bxf6 Bxf6 12. h4 Bg4 13. Nf1 Ne7 14. Ne3 Bc8 15. Nh2 g6 16. Nhg4 Bg7 17. Qf3 c6 18. 0-0 Kh8 19. Nf6 Nf5 20. Nfg4 Ne7 21. Nf6 Nf5 22. Nfg4 Nxe3 23. Nxe3 f5 24. Qd1 f4 25. Ng2 Bh3 26. Qf3 Qd7 27. gxf4 Bxg2 28. Qxg2 Rxf4 29. f3 d5 30. Bb3 Bf6 31. Kf2 Bxh4+ 32. Ke2 Bg5 33. Rh1 dxe4 34. fxe4 Rg4 35. Qh3 Rxe4+ 0-1

[Event "Lisbon Portugal op"]
[Site "Lisbon"]
[Date "2019.02.09"]
[Round "9"]
[White "Jorge, Rita Maria Osorio"]
[Black "Maisuradze, Nino"]
[Result "0-1"]
[WhiteElo "1902"]
[BlackElo "2186"]
[PlyCount "54"]
[EventDate "2019.02.02"]
[EventType "swiss"]
[EventRounds "9"]
[EventCountry "POR"]
[SourceTitle "CBM 188 Extra"]
[Source "ChessBase"]
[SourceDate "2019.02.26"]
[SourceVersion "1"]
[SourceVersionDate "2019.02.26"]
[SourceQuality "1"]

1. Nf3 d5 2. d4 c6 3. e3 Bg4 4. Be2 e6 5. 0-0 Bd6 6. h3 Bh5 7. c4 Nd7 8. Nc3 f5 9. cxd5 exd5 10. Qc2 Qf6 11. Na4 Bxf3 12. Bxf3 Ne7 13. b3 0-0 14. Nb2 f4 15. Nd3 fxe3 16. Bxe3 Qg6 17. Ne1 Nf5 18. Qd2 Rae8 19. Be2 Nf6 20. Bd3 Ne4 21. Qc2 Nxe3 22. fxe3 Rxf1+ 23. Bxf1 Qg3 24. Nf3 Rf8 25. Ne5 Qxe3+ 26. Kh1 Ng3+ 27. Kh2 Nxf1+ 0-1

[Event "Lisbon Portugal op"]
[Site "Lisbon"]
[Date "2019.02.06"]
[Round "5"]
[White "Martins, Bruno Andre Leite"]
[Black "Jorge, Rita Maria Osorio"]
[Result "1-0"]
[WhiteElo "2204"]
[BlackElo "1902"]
[PlyCount "113"]
[EventDate "2019.02.02"]
[EventType "swiss"]
[EventRounds "9"]
[EventCountry "POR"]
[SourceTitle "CBM 188 Extra"]
[Source "ChessBase"]
[SourceDate "2019.02.26"]
[SourceVersion "1"]
[SourceVersionDate "2019.02.26"]
[SourceQuality "1"]

1. e4 c6 2. Nc3 d5 3. Nf3 Bg4 4. h3 Bh5 5. d4 e6 6. exd5 cxd5 7. g4 Bg6 8. Ne5 Nc6 9. h4 f6 10. Nxg6 hxg6 11. Bd3 Kf7 12. Ne2 Bd6 13. c3 Qc7 14. Be3 Nh6 15. f3 f5 16. Qc2 Ne7 17. Rg1 a6 18. 0-0-0 b5 19. a3 Rac8 20. Kb1 Qb8 21. Qd2 a5 22. b4 axb4 23. axb4 Qa7 24. Kb2 Qd7 25. Ra1 Rc7 26. Bf4 Bxf4 27. Nxf4 Rhc8 28. Ra3 Rb7 29. g5 Nhg8 30. Re1 Rb6 31. Bf1 Re8 32. Nd3 Nc6 33. f4 Qc7 34. Nc5 Nd8 35. Rea1 Nb7 36. Ra7 Ne7 37. R1a6 Rb8 38. Rxb6 Qxb6 39. Ra6 Qd8 40. Nxe6 Qc8 41. Rb6 Nd8 42. Rxb8 Qxb8 43. Nxd8+ Qxd8 44. Bxb5 Nc8 45. Bd3 Nd6 46. Qe2 Ne4 47. Bxe4 fxe4 48. h5 Qd6 49. hxg6+ Kxg6 50. Qg4 Qa6 51. f5+ Kf7 52. Qh5+ Ke7 53. f6+ gxf6 54. g6 Qd3 55. g7 Qg3 56. Qh7 Qf2+ 57. Kb3 1-0

[Event "POR-ch U18 rapid"]
[Site "Rio Maior"]
[Date "2017.10.21"]
[Round "6"]
[White "Jorge, Rita Maria Osorio"]
[Black "Sousa, Hugo Carneiro"]
[Result "0-1"]
[WhiteElo "1910"]
[BlackElo "1816"]
[PlyCount "58"]
[EventDate "2017.10.21"]
[EventType "swiss (rapid)"]
[EventRounds "7"]
[EventCountry "POR"]
[SourceTitle "EXT 2024"]
[Source "ChessBase"]
[SourceDate "2023.10.10"]
[SourceVersion "1"]
[SourceVersionDate "2023.10.10"]
[SourceQuality "1"]

1. e4 e6 2. d4 d5 3. Nd2 Nf6 4. e5 Nfd7 5. Bd3 c5 6. c3 Nc6 7. Ne2 cxd4 8. cxd4 f6 9. exf6 Nxf6 10. 0-0 Bd6 11. Nf3 0-0 12. Bg5 e5 13. dxe5 Nxe5 14. Nxe5 Bxe5 15. Qc2 Bxh2+ 16. Kh1 Be5 17. Bxh7+ Kh8 18. Bg6 Qd7 19. f4 Bc7 20. Nd4 Bb6 21. Nf5 Ne4 22. Qd3 Qxf5 23. Bxf5 Bxf5 24. Qf3 g6 25. g4 Nxg5 26. Qg3 Be4+ 27. Kh2 Rf7 28. Rf2 Bxf2 29. Qxf2 Rh7+ 0-1

[Event "EU-ch U18 Girls 27th"]
[Site "Mamaia"]
[Date "2017.09.06"]
[Round "2"]
[White "Jorge, Rita Maria Osorio"]
[Black "Limanovska, Elizabete"]
[Result "1-0"]
[WhiteElo "1923"]
[BlackElo "2071"]
[PlyCount "61"]
[EventDate "2017.09.05"]
[EventType "swiss"]
[EventRounds "9"]
[EventCountry "ROU"]
[SourceTitle "CBM 180 Extra"]
[Source "ChessBase"]
[SourceDate "2017.10.06"]
[SourceVersion "1"]
[SourceVersionDate "2017.10.06"]
[SourceQuality "1"]

1. e4 c5 2. Nf3 d6 3. Bb5+ Bd7 4. Bxd7+ Qxd7 5. 0-0 Nc6 6. c3 Nf6 7. Re1 e6 8. d4 cxd4 9. cxd4 d5 10. e5 Ne4 11. Nbd2 Nxd2 12. Bxd2 Be7 13. Rc1 0-0 14. Rc3 Rfc8 15. a3 a5 16. Rd3 a4 17. Ng5 h6 18. Nh3 Bf8 19. Qg4 g6 20. Qh4 Qe7 21. Bg5 hxg5 22. Nxg5 Bg7 23. Rf3 f5 24. exf6 Bxf6 25. Rxf6 Qxf6 26. Qh7+ Kf8 27. Nxe6+ Ke8 28. Nc5+ Ne7 29. Qg8+ Qf8 30. Rxe7+ Kxe7 31. Qe6+ 1-0

[Event "Coimbra Queima das Fitas op"]
[Site "Coimbra"]
[Date "2017.04.29"]
[Round "3"]
[White "Jorge, Rita Maria Osorio"]
[Black "Galego, Luis"]
[Result "0-1"]
[WhiteElo "1932"]
[BlackElo "2481"]
[PlyCount "78"]
[EventDate "2017.04.28"]
[EventType "swiss"]
[EventRounds "7"]
[EventCountry "POR"]
[SourceTitle "CBM 178 Extra"]
[Source "ChessBase"]
[SourceDate "2017.06.22"]
[SourceVersion "1"]
[SourceVersionDate "2017.06.22"]
[SourceQuality "1"]

1. e4 c5 2. Nf3 e6 3. d4 cxd4 4. Nxd4 a6 5. Be3 Nf6 6. Nd2 Qc7 7. Be2 d5 8. Bf3 e5 9. N4b3 Be6 10. c3 Nbd7 11. 0-0 Be7 12. a4 Rd8 13. exd5 Nxd5 14. Bxd5 Bxd5 15. Qe2 0-0 16. Rfd1 f5 17. f3 Nf6 18. Kh1 Rde8 19. Bg1 e4 20. fxe4 Nxe4 21. Nd4 Bg5 22. Nxe4 Bxe4 23. Qf1 Rf6 24. Nf3 Bf4 25. Rd4 Rh6 26. h3 Qc6 27. Qc4+ Qxc4 28. Rxc4 Rxh3+ 29. Bh2 Rh6 30. Kg1 Bxh2+ 31. Nxh2 Rg6 32. g4 h5 33. Kf2 hxg4 34. Nf1 Bc6 35. Rf4 Rf6 36. Ng3 g5 37. Rd4 f4 38. Nf1 g3+ 39. Kg1 Rh6 0-1

[Event "Coimbra Queima das Fitas op"]
[Site "Coimbra"]
[Date "2017.04.28"]
[Round "1"]
[White "Jorge, Rita Maria Osorio"]
[Black "Sarabando, Rodrigo Andias"]
[Result "1-0"]
[WhiteElo "1932"]
[BlackElo "1247"]
[PlyCount "91"]
[EventDate "2017.04.28"]
[EventType "swiss"]
[EventRounds "7"]
[EventCountry "POR"]
[SourceTitle "CBM 178 Extra"]
[Source "ChessBase"]
[SourceDate "2017.06.22"]
[SourceVersion "1"]
[SourceVersionDate "2017.06.22"]
[SourceQuality "1"]

1. e4 c5 2. Nf3 Nc6 3. d4 cxd4 4. Nxd4 e5 5. Nb5 d6 6. N1c3 a6 7. Na3 Be6 8. Nd5 Nge7 9. c4 f5 10. Bd3 Nd4 11. 0-0 Ng6 12. Be3 f4 13. Bxd4 exd4 14. Re1 Be7 15. Nc2 0-0 16. Nxd4 Bxd5 17. exd5 Re8 18. Ne6 Qd7 19. Qh5 Bf6 20. Rab1 b5 21. b3 Qf7 22. Bxg6 hxg6 23. Qg4 Rac8 24. Qxf4 Re7 25. Rec1 Be5 26. Qxf7+ Kxf7 27. f4 Bf6 28. cxb5 Rxc1+ 29. Rxc1 axb5 30. Rc6 Bh4 31. Rb6 Re8 32. Rxb5 Rc8 33. g3 Bf6 34. Rb7+ Kg8 35. Rc7 Ra8 36. Rc2 Kh7 37. Kf2 Ra5 38. Nc7 Bd8 39. b4 Ra3 40. Ne6 Bb6+ 41. Ke2 Re3+ 42. Kd2 Rf3 43. Ng5+ Kh6 44. Nxf3 Bd8 45. Rc8 Bb6 46. Rh8# 1-0

[Event "Lisbon Portugal rapid op"]
[Site "Lisbon"]
[Date "2017.02.11"]
[Round "2"]
[White "Jorge, Rita Maria Osorio"]
[Black "Kovalev, Vladislav"]
[Result "0-1"]
[WhiteElo "1929"]
[BlackElo "2598"]
[PlyCount "78"]
[EventDate "2017.02.11"]
[EventType "swiss (rapid)"]
[EventRounds "8"]
[EventCountry "POR"]
[SourceTitle "CBM 176 Extra"]
[Source "ChessBase"]
[SourceDate "2017.03.02"]
[SourceVersion "1"]
[SourceVersionDate "2017.03.02"]
[SourceQuality "1"]

1. e4 c5 2. Nf3 Nc6 3. d4 cxd4 4. Nxd4 Nf6 5. Nc3 e6 6. a3 d5 7. exd5 exd5 8. Be2 Bd6 9. Bg5 h6 10. Bh4 Bc5 11. Nf3 Be6 12. 0-0 g5 13. Bg3 Ne4 14. Nxe4 dxe4 15. Ne5 Qxd1 16. Raxd1 Nd4 17. Bh5 Nf5 18. Rfe1 e3 19. Nd3 Nxg3 20. hxg3 exf2+ 21. Nxf2 0-0 22. Rd2 Rfd8 23. Red1 Rxd2 24. Rxd2 Be3 25. Re2 Bd4 26. c3 Bb6 27. Kh2 Rd8 28. Ne4 Kg7 29. Nd2 g4 30. Nf1 Rd5 31. Bxf7 Bxf7 32. Ne3 Rh5+ 33. Kg1 Re5 34. Kf2 Bc4 35. Re1 a5 36. b4 a4 37. Rd1 Bxe3+ 38. Ke1 Bb6+ 39. Kd2 Rd5+ 0-1